MDQL
is popping MORE tags! Check the
thread
!
Quizzes
Events
Quiz Creation
Community
Videos
Private Events
Remove Ads
Sign In
Join for FREE
Feedback
Dark Mode
Quiz Categories
Sports
Geography
Music
Movies
Television
Just For Fun
Miscellaneous
History
Literature
Language
Science
Gaming
Entertainment
Religion
Holiday
For Kids
Quiz Lab
Recent
Popular Today
Quiz Kudos Today
Editor Picks
Curator Picks
Quizzes by...
Day
Popularity
Type
Ratings
Length
Year
Community
Subscriptions
Recent Discussions
Orange Saloon
Badges
Playlists
Quests
Create
Leaderboards
Showdown
Live 5
Trivia Bingo
Activity
Puzzle Library
Sporcle Events
Private Events
Virtual Trivia
Globe League
Become a Host
Pub Owners
SporcleCon
Opinionation
Our Games
Videos
Blog
Mobile Apps
Partnerships
Remove Ads and Go Orange
Feedback
Sports
Athletes
MLB
NBA
NHL
NFL
Soccer
Sports Teams
WWE
NCAA
Football
Premier League
Basketball
Baseball
Hockey
Golf
Tennis
Cricket
Rugby
Auto Racing
Olympics
World Cup
Sports
Athletes
MLB
NBA
NHL
NFL
Soccer
Sports Teams
WWE
NCAA
Football
Premier League
Basketball
Baseball
Hockey
Golf
Tennis
Cricket
Rugby
Auto Racing
Olympics
World Cup
Random Quiz
Search Sporcle
×
Quiz Lab
Quiz Lab
Sports
Football
Type in answers that appear in a list
Type in answers that appear in a list
Classic
Best Score? Go Orange.
All Time AP Final Poll (Football) Stats
Can you name the All Time AP Final Poll (Football)?
By
ramblingator
10m
117 Questions
202 Plays
202 Plays
202 Plays
Comments
Comments
Give Quiz Kudos
Give Quiz Kudos
-
- Ratings
hide this ad
More Info
Replay
Link that replays current quiz
Next Quiz
Link to next quiz in quiz playlist
You Got
0%
They Got
Avg Score
66%
Avg Friend Score
Upgrade to see
Score Distribution
Jump to the score distribution portion of the page
Score
0/117
Timer
10:00
0
Plays Today
Rank
Team
% Correct
2.
Michigan
98%
7.
Texas
98%
1.
Oklahoma
97.5%
3.
Notre Dame
97%
5.
Alabama
97%
T112.
Ohio
97%
4.
Ohio State
96.5%
6.
Nebraska
96%
16.
Florida
96%
13.
Georgia
95%
8.
USC
94.1%
9.
Tennessee
93.6%
19.
Michigan State
93.1%
12.
Miami (FL)
92.1%
15.
UCLA
92.1%
17.
Florida State
92.1%
61.
Pennsylvania
92.1%
T72.
Miami (OH)
92.1%
11.
LSU
91.6%
14.
Auburn
90.6%
20.
Washington
90.1%
10.
Penn State
89.1%
74.
Virginia
89.1%
23.
Mississippi
88.6%
44.
Illinois
88.6%
50.
Oregon
88.1%
24.
Iowa
87.6%
27.
Wisconsin
87.6%
18.
Arkansas
87.1%
21.
Texas A&M
87.1%
22.
Georgia Tech
87.1%
T35.
North Carolina
86.6%
52.
Washington State
86.1%
54.
Oregon State
86.1%
T37.
Virginia Tech
85.6%
32.
Arizona State
85.1%
T68.
Arizona
85.1%
T56.
Texas Tech
84.7%
58.
Oklahoma State
84.7%
Rank
Team
% Correct
T59.
Kansas
84.2%
63.
Mississippi State
84.2%
46.
Stanford
83.7%
30.
Minnesota
83.2%
77.
South Carolina
83.2%
28.
Colorado
82.7%
31.
Maryland
82.7%
T35.
Navy
82.2%
75.
Indiana
82.2%
29.
Army
81.7%
T33.
Duke
81.7%
42.
West Virginia
81.7%
T37.
California
81.2%
T70.
Utah
81.2%
T59.
Kentucky
80.7%
49.
Kansas State
80.2%
39.
Purdue
79.7%
51.
Northwestern
79.7%
62.
Boise State
79.7%
26.
Clemson
78.2%
41.
Syracuse
78.2%
T56.
NC State
78.2%
T33.
Missouri
77.7%
T102.
Boston University
77.7%
25.
Pittsburgh
76.7%
79.
Yale
76.2%
40.
TCU
75.7%
91.
Wake Forest
75.7%
T108.
Iowa State
75.2%
43.
BYU
74.8%
48.
Boston College
73.8%
53.
Baylor
73.8%
67.
Louisville
71.3%
45.
SMU
69.8%
T70.
Air Force
69.3%
97.
Vanderbilt
66.8%
84.
Rutgers
63.9%
T87.
Colorado State
63.9%
78.
Princeton
60.4%
Rank
Team
% Correct
85.
Cincinnati
60.4%
47.
Houston
58.4%
T98.
Hawaii
57.4%
T72.
Cornell
55%
66.
Tulane
51.5%
96.
Utah State
50%
T104.
New Mexico State
50%
81.
Wyoming
49.5%
T102.
San Diego State
49.5%
T68.
Tulsa
47%
55.
Rice
46%
76.
Dartmouth
46%
T100.
Columbia
44.6%
95.
Marshall
44.1%
T104.
Temple
43.1%
T112.
Fresno State
43.1%
T87.
Toledo
41.1%
T89.
East Carolina
39.1%
83.
Villanova
38.1%
T116.
Central Michigan
35.6%
T93.
Southern Miss
31.7%
T116.
Bowling Green
29.2%
T98.
Georgetown
28.7%
T110.
Delaware
23.8%
T110.
Lafayette
21.8%
80.
Holy Cross
21.3%
T112.
Marquette
17.3%
86.
William & Mary
11.9%
64.
Fordham
11.4%
T104.
George Washington
9.4%
T100.
San Francisco
7.4%
T112.
Virginia Military
7.4%
T89.
Pacific
6.9%
65.
Santa Clara
6.4%
82.
Duquesne
4.5%
T93.
St. Mary's (Cal)
3.5%
T104.
Hardin-Simmons
3.5%
92.
Carnegie Tech
3%
T108.
Washington & Lee
3%
Quiz Playlist
Details
Report
Send in Message
Add To Playlist
More Info:
List created by giving 25 points for first place in final AP poll, 24 for second and so on. First year used is 1936, last is 2009.
Classic:
Type in answers that appear in a list
Last Updated: Feb 16, 2017
Quiz Scoreboard
CHALLENGE
Sign Up to Join the Scoreboard
Show All
Scores
Hide
Comments
May contain spoilers
Recently Published
Find the 'City' Movie
by crazypaving
Movies
60s
5x2 Blitz: Bands
by SL_Kpop136
Music
30s
Colored Red Africa Blitz
by spor1
Geography
30s
More to Explore
Quiz From the Vault
Featured Blog Post
14 Easter Pick-up Lines to Find Eggs With
hide this ad
You Might Also Like...
Tags
Football Quiz
All Time
Conference
final
poll
team
Today's Top Quizzes in Sports
Browse Sports
hide this ad
Today's Top Quizzes in Football
Browse Football
Top Contributed Quizzes in Sports
1
Players with Multiple 50 Home Run Seasons
2
Who Needs Fielders?
3
Criteria MLB: Left Handed Sluggers
4
MLB Players with Two .350 Batting Average Seasons
5
Who Hit More Homers?
6
2020 F1 Drivers Logic Puzzle
7
NBA Teammate Connections
8
Premier League Clubs since 2000 (minefield)
9
MLB Teams by First Game
10
Top 10 NHL Goal Scorers of All Time
Explore More
Trending Topics
Disney
Anime
Crossword
Kpop
NBA
Marvel
Harry Potter
WWE
Country
Puzzle
Song
NFL
Soccer
Pokémon
The Office
hide this ad
More By:
ramblingator
Quiz
Plays
Rating
Category
Featured
Created
Teams with no Final Fours (BCS teams)
442
5.00
Sports
Jan 19, 2010
Gator basketball Starters 2000's
248
5.00
Sports
Dec 22, 2009
All Time AP Final Poll (Football)
202
4.00
Sports
Dec 30, 2010
Go to Creator's Profile
Score Distribution
Quiz Creator Spotlight
ramblingator
Follow
Send a Message
Quizzes Created
-
Created Quiz Play Count
-
More By This Creator
Popular Quizzes Today
1
Find the 'City' Movie
2
5x2 Blitz: Bands
3
Colored Red Africa Blitz
4
Find the US States - No Outlines Minefield
5
The Countries of the World
6
Find the US States
7
9x9 Crossword: Cartoon Network
8
US States
More Sports Quizzes
England men's cricket captains in the 21st century
Quiz Lab
Trending Quizzes
Colored Red Africa Blitz II
Colored Red Europe Blitz I
Colored Red Africa Blitz III
Colored Red Europe Blitz II
Colored Red Europe Blitz III
Recently Updated
Champions League XIs: Real Madrid
pecheneg
Largest US Cities 1790-2010
pecheneg
Rides in Walt Disney World
pecheneg
Most Oscar Losses (Acting)
pecheneg
Beyoncé Albums
pecheneg
Leaping Animals
pecheneg
Reality TV Shows (A-Z)
bhenderson79
Rickey Henderson's Hall of Fame Teammates
pecheneg
Champions League XIs: Arsenal
pecheneg
Quick Pick: Celebrities in WWE's Hall of Fame
aduchscher
Trending Topics
Kpop
Marvel
NBA
Crossword
Disney
Anime
Harry Potter
WWE
Song
The Office
Pokémon
Puzzle
Country
Soccer
NFL
Your Account Isn't Verified!
In order to create a playlist on Sporcle, you need to verify the email address you used during registration. Go to your
Sporcle Settings
to finish the process.
Report this User
Report this user for behavior that violates our
Community Guidelines
.
Details:
Send Report
Go to the Sporcle.com Mobile Site →
Comments